Intermediate language skills reading

Guardat en:
Dades bibliogràfiques
Autor principal: Heyworth, Frank (Autor)
Format: Llibre
Idioma:anglès
Publicat: Londres Hodder and Stoughton 1982
Matèries:
Etiquetes: Afegir etiqueta
Sense etiquetes, Sigues el primer a etiquetar aquest registre!

MARC

LEADER 00000nam a2200000 a 4500
001 UCQ3308
003 CL-VaPUC
008 980817e19820000UK |||||||||||||||||eng|d
082 0 4 |a 428.07  |b HEY  |2 21 
100 |a Heyworth, Frank  |e author  |9 567998 
245 1 0 |a Intermediate language skills reading 
300 |a 65 p 
942 |c BK 
945 |d 19980817 00:00:00  |a crobeson 
260 |a Londres  |b Hodder and Stoughton  |c 1982 
650 0 |a Inglés  |9 260023 
650 0 |a Enseñanza de idiomas  |9 339820 
650 0 |a Educación lingüística  |9 306506 
583 |a last modification  |c 19980817 00:00:00  |k Rodrigo Vera 
999 |c 273901  |d 273899 
952 |0 0  |1 0  |4 0  |6 428_070000000000000_HEY_1982  |7 0  |8 A  |9 309858  |a BIBEDU  |b BIBEDU  |d 2019-11-20  |i 1455346  |o 428.07 HEY 1982  |p 1455346  |r 2019-11-20  |w 2019-11-20  |y BK  |k LIT